Quizzes
Events
Quiz Creation
Community
Videos
Private Events
Remove Ads
Sign In
Join for FREE
Feedback
Dark Mode
Quiz Categories
Sports
Geography
Music
Movies
Television
Just For Fun
Miscellaneous
History
Literature
Language
Science
Gaming
Entertainment
Religion
Holiday
For Kids
Quiz Lab
Recent
Popular Today
Quiz Kudos Today
Editor Picks
Curator Picks
Quizzes by...
Day
Popularity
Type
Ratings
Length
Year
Community
Subscriptions
Recent Discussions
Orange Saloon
Badges
Playlists
Quests
Create
Leaderboards
Showdown
Live 5
Trivia Bingo
Activity
Puzzle Library
Sporcle Events
Private Events
Virtual Trivia
Globe League
Become a Host
Pub Owners
SporcleCon
Opinionation
Our Games
Videos
Blog
Mobile Apps
Partnerships
Remove Ads and Go Orange
Feedback
Sports
Athletes
MLB
NBA
NHL
NFL
Soccer
Sports Teams
WWE
NCAA
Football
Premier League
Basketball
Baseball
Hockey
Golf
Tennis
Cricket
Rugby
Auto Racing
Olympics
World Cup
Sports
Athletes
MLB
NBA
NHL
NFL
Soccer
Sports Teams
WWE
NCAA
Football
Premier League
Basketball
Baseball
Hockey
Golf
Tennis
Cricket
Rugby
Auto Racing
Olympics
World Cup
Random Quiz
Search Sporcle
×
Quiz Lab
Quiz Lab
Sports
NBA
Type in answers that appear in a list
Type in answers that appear in a list
Classic
Best Score? Go Orange.
Current NBA players college (part 1) Stats
Can you name where these 50 current NBA players attended college?
By
mattkoppy12
9m
50 Questions
869 Plays
869 Plays
869 Plays
Comments
Comments
Give Quiz Kudos
Give Quiz Kudos
-
- Ratings
hide this ad
More Info
Forced Order
Answers have to be entered in order
Answers have to be entered in order
Replay
Link that replays current quiz
Next Quiz
Link to next quiz in quiz playlist
You Got
0%
They Got
Avg Score
64%
Avg Friend Score
Upgrade to see
Score Distribution
Jump to the score distribution portion of the page
Score
0/50
Timer
09:00
0
Plays Today
Player
% Correct
Russell Westbrook
UCLA
98.6%
Kevin Durant
Texas
96.2%
Stephen Curry
Davidson
96.1%
Anthony Davis
Kentucky
92.9%
James Harden
Arizona st
91.9%
Karl-
Anthony Towns
Kentucky
91.6%
John Wall
Kentucky
91.1%
Demarcus Cousins
Kentucky
90.3%
Kyrie Irving
Duke
90%
Chris Paul
Wake Forest
88.5%
Draymond Green
Michigan st
87.6%
Kevin Love
UCLA
85.8%
Kawhi Leonard
San Diego st
85.4%
Kemba Walker
UCONN
84.8%
Jimmy Butler
Marquette
83.7%
Blake Griffin
Oklahoma
82.4%
Joel Embiid
Kansas
80.7%
Gordon Hayward
Butler
78.4%
Isaiah Thomas
Washington
77.9%
Andrew Wiggins
Kansas
76.6%
Damian Lillard
Weber st
75.7%
Klay Thompson
Washington st
75.1%
Paul George
Fresno st
74.5%
Kyle Lowry
Villanova
71.2%
Al Horford
Florida
70.9%
Player
% Correct
LaMarcus Aldridge
Texas
69.4%
Eric Bledsoe
Kentucky
66.1%
Demar DeRozan
USC
64.6%
Bradley Beal
Florida
63.4%
Mike Conley
Ohio st
60.1%
Andre Drummond
UCONN
59.7%
Myles Turner
Texas
58.5%
Brook Lopez
Stanford
58.2%
Jrue Holiday
UCLA
57%
DeAndre Jordan
Texas A&M
54.9%
CJ McCollum
Lehigh
54.1%
Otto Porter
Georgetown
49.6%
Cody Zeller
Indiana
47.9%
Jae Crowder
Marquette
42%
Jeff Teague
Wake Forest
38.4%
Paul Millsap
Louisiana Tech
38.2%
Rudy Gay
UCONN
36.1%
Gorgui Dieng
Louisville
35.9%
Hassan Whiteside
Marshall
33.1%
Kentavious Caldwell-
Pope
Georgia
28.9%
Patrick Beverley
Arkansas
27.8%
Trevor Ariza
UCLA
26.6%
George Hill
IUPUI
25.8%
Robert Covington
Tennessee st
20.1%
Tyler Johnson
Fresno st
13.5%
Quiz Playlist
Details
Report
Send in Message
Add To Playlist
More Info:
Guess where these current NBA players (as of 2016-2017 season) went to college. Comment below your score and who you got stuck on.
Classic:
Type in answers that appear in a list
Forced Order:
Answers have to be entered in order
Last Updated: May 30, 2017
Quiz Scoreboard
CHALLENGE
Sign Up to Join the Scoreboard
Show All
Scores
Hide
Comments
May contain spoilers
Recently Published
Presidents Visiting Landmarks
by Hejman
History
7m
An Introduction to Baseball
by treessimontrees
Sports
5m
Movies - When Are They Set?
by FPL_Elf
Movies
5m
More to Explore
Quiz From the Vault
Featured Blog Post
Where Did the Easter Bunny Come From?
hide this ad
You Might Also Like...
Tags
NBA Quiz
NBA Draft
NBA Player
Today's Top Quizzes in Sports
Browse Sports
hide this ad
Today's Top Quizzes in NBA
Browse NBA
Top Contributed Quizzes in Sports
1
Les meilleurs buteurs des matchs entre le PSG et l’OM
2
2022 World Cup Stars
3
FIFA Club World Cup Champions
4
Les entraîneurs de l'OM et du PSG au 21e siècle
5
Name the Premier League winners with different clubs
6
La finale Lions - Afrique du Sud 2021
7
England Test cricketers to play under Nasser Hussain
8
5-to-1: UK Sports Teams
9
Les joueurs passés par le LOSC et le RC Lens
10
Criteria MLB: Left Handed Sluggers
Explore More
Trending Topics
Disney
Harry Potter
Marvel
NBA
Kpop
Crossword
Anime
Soccer
NFL
Pokémon
WWE
Puzzle
Country
The Office
Song
hide this ad
More By:
mattkoppy12
Quiz
Plays
Rating
Category
Featured
Created
Top 15 selling NBA jerseys 2016-2017 season
85,209
2.42
Sports
May 31, 2017
Guess the rapper (by face)
7,572
1.88
Music
Jan 16, 2018
NFL trivia (2016-2017 regular season)
4,888
4.00
Sports
Sep 12, 2017
NBA trivia (2016-2017 season)
4,554
5.00
Sports
May 19, 2017
Guess that current NFL player (by face)
3,361
3.50
Sports
Jan 30, 2018
Go to Creator's Profile
Score Distribution
Quiz Creator Spotlight
mattkoppy12
Follow
Send a Message
Quizzes Created
-
Created Quiz Play Count
-
More By This Creator
Popular Quizzes Today
1
Find the US States - No Outlines Minefield
2
Find the Countries of Europe - No Outlines Minefield
3
The Countries of the World
4
Popular People in 1961
5
Find the US States
6
US States
7
Risky Map Clicking: Biggest States A-Z
8
1-10 Letter E Words III
More Sports Quizzes
Mariners Yearly Top 5 in OPS+
Quiz Lab
Trending Quizzes
Risky Map Clicking: Least Populous States A-Z
1-10 Letter F Words
1-10 Letter G Words
One Thing in Common: United Kingdom
Risky Map Clicking: Next State Alphabetically
Recently Updated
Leaping Animals
pecheneg
Reality TV Shows (A-Z)
bhenderson79
Rickey Henderson's Hall of Fame Teammates
pecheneg
Champions League XIs: Arsenal
pecheneg
Quick Pick: Celebrities in WWE's Hall of Fame
aduchscher
A-Z Keypad Blitz II
pecheneg
Multiple Oscar Actors
pecheneg
Mystery Phrase Blitz: Oscar 'Best Actors'
pecheneg
F. Scott Fitzgerald Novels
LTH
Pick 3 Villains
ddd62291
Trending Topics
Harry Potter
Anime
Marvel
Disney
NBA
Crossword
Kpop
The Office
Soccer
NFL
Pokémon
WWE
Puzzle
Song
Country
Your Account Isn't Verified!
In order to create a playlist on Sporcle, you need to verify the email address you used during registration. Go to your
Sporcle Settings
to finish the process.
Report this User
Report this user for behavior that violates our
Community Guidelines
.
Details:
Send Report
Go to the Sporcle.com Mobile Site →
Comments